01220nab a22002657a 4500999001500000003000400015005001700019008004100036040000700077100003200084245012200116260007300238300001300311500004500324505016900369505008900538650003500627650002600662650003100688650001900719650002700738650002800765773014800793942001300941 c5516d5516OSt20251210153312.0190604e xxu||||| |||| 00| 0 spa d cPJ 96416aFernández, Hilda E.13aHipotecas divisibles y la publicidad de boletos de compraventa en el marco del DNU 1017/2024 /cHilda E. Fernández. aCiudad Autónoma de Buenos Aires :bThomson Reuters La Ley, c2025. ap. 26-35 aCita Online: TR LALEY AR/DOC/2386/2025.  aSumario: I. Introducción.— II. Fundamentos.— III. La propuesta del DNU 1017/2024, la reglamentación conjunta 2/2025 y la DTR 10/2025.— IV. Conclusiones.  t¿Te interesa el texto completo? Solicitalo al correo: koha@justierradelfuego.gov.ar 091497aCODIGO CIVIL Y COMERCIAL 091821aDERECHOS REALES 092309aPROPIEDAD HORIZONTAL 091819aHIPOTECA 092274aBIENES INMUEBLES 096053aESCRITURA PUBLICA0 0271493171dCiudad Autónoma de Buenos Aires : Thomson Reuters La Ley, 2014-tRevista anales de legislación argentina. Nº 10- Octubre 2025. 2udccANA